Car Makes by Group - Statistics

General Stats
  • This quiz has been taken 173 times
  • The average score is 12 of 15
Answer Stats
Models Car % Correct
Edge, Fusion, F-150 Ford
99%
Odyssey, Accord, Civic Honda
99%
Impala, Camaro, Silverado Chevrolet
95%
MX6, Miata, CX5 Mazda
95%
Jetta, Atlas, Beetle Volkswagen
95%
Sequoia, Forerunner, Camry Toyota
93%
Cayenne, Spyder 918, Macan Porsche
86%
Model S, Model X, Model 3 Tesla
86%
525i, Z4, X5 BMW
84%
Aventador, Huracan, Murcielago Lamborghini
81%
Escalade, ATS, CTS Cadillac
77%
Grand AM, Firebird, Grand Prix Pontiac
75%
Navigator, Continental, MKZ Lincoln
72%
DB11, Rapide, Vulcan Aston Martin
68%
ION, VUE, Astra Saturn
34%
No matching quizzes found
Score Distribution
Percent of People with Each Score
Percentile by Number Answered
Your Score History
You have not taken this quiz